| Tag |
First Indicator |
Second Indicator |
Subfields |
| LEADER |
00000cam a2200000I 4500 |
| 001 |
in00000257556 |
| 005 |
20190918125909.0 |
| 008 |
740723r19651937nmua 000 0aeng |
| 010 |
|
|
|a 65024507
|
| 035 |
|
|
|a (OCoLC)ocm00959300
|
| 035 |
|
|
|a (OCoLC)00959300
|
| 035 |
|
|
|9 ABC5274AM
|
| 040 |
|
|
|a DLC
|b eng
|c TOL
|d OCL
|d CLU
|d OCLCF
|d OCLCO
|d OCLCQ
|d OCLCO
|d OCLCA
|d TXA
|
| 019 |
|
|
|a 5738829
|a 10334708
|
| 035 |
|
|
|a (OCoLC)959300
|z (OCoLC)5738829
|z (OCoLC)10334708
|
| 043 |
|
|
|a n-us-nm
|a n-us-tx
|
| 050 |
0 |
4 |
|a F801
|b .H65 1965
|
| 082 |
|
|
|a 917.89
|
| 049 |
|
|
|a TXAS [dyks]
|c 1,2
|
| 049 |
|
|
|a TXAM
|
| 100 |
1 |
|
|a Hinkle, James F.
|q (James Fielding),
|d 1864-1951,
|e author.
|
| 245 |
1 |
0 |
|a Early days of a cowboy on the Pecos /
|c James F. Hinkle.
|
| 264 |
|
1 |
|a Sante Fe :
|b Stagecoach Press,
|c 1965.
|
| 300 |
|
|
|a 47 pages :
|b illustrations ;
|c 18 cm
|
| 336 |
|
|
|a text
|b txt
|2 rdacontent
|
| 337 |
|
|
|a unmediated
|b n
|2 rdamedia
|
| 338 |
|
|
|a volume
|b nc
|2 rdacarrier
|
| 500 |
|
|
|a "This edition is limited to 550 copies, and the type forms melted."--Preliminary page.
|
| 500 |
|
|
|a "Containing the complete text and illustrations of the original 1937 privately printed edition."--Title page verso.
|
| 508 |
|
|
|a Designer, Jack Rittenhouse.
|
| 580 |
|
|
|a The Cushing Library/Lowman/Book Design copy forms part of the Book Design Section of the Al Lowman Printing Arts Collection and Research Archive.
|
| 500 |
|
|
|a The Cushing Library/Lowman/Book Design copy is signed by Rittenhouse.
|
| 600 |
1 |
0 |
|a Hinkle, James F.
|q (James Fielding),
|d 1864-1951,
|e author.
|
| 650 |
|
0 |
|a Cattle trade
|z Pecos River Valley (N.M. and Tex.)
|
| 650 |
|
0 |
|a Governors
|z New Mexico
|v Biography.
|
| 650 |
|
0 |
|a Cowboys
|z New Mexico
|v Biography.
|
| 650 |
|
0 |
|a Ranchers
|z New Mexico
|v Biography.
|
| 650 |
|
0 |
|a Pioneers
|z New Mexico
|v Biography.
|
| 650 |
|
0 |
|a Frontier and pioneer life
|z Pecos River Valley (N.M. and Tex.)
|
| 651 |
|
0 |
|a Pecos River Valley (N.M. and Tex.)
|x Description and travel.
|
| 650 |
|
7 |
|a Cattle trade.
|2 fast
|0 (OCoLC)fst00849732
|
| 650 |
|
7 |
|a Cowboys.
|2 fast
|0 (OCoLC)fst00881986
|
| 650 |
|
7 |
|a Frontier and pioneer life.
|2 fast
|0 (OCoLC)fst00935370
|
| 651 |
|
7 |
|a New Mexico.
|2 fast
|0 (OCoLC)fst01204269
|
| 700 |
1 |
|
|a Rittenhouse, Jack D.
|q (Jack DeVere),
|d 1912-
|e book designer.
|
| 710 |
2 |
|
|a Stagecoach Press,
|e issuing body.
|
| 773 |
0 |
|
|t Al Lowman Printing Arts Collection and Research Archive.
|
| 994 |
|
|
|a C0
|b TXA
|
| 948 |
|
|
|a updated
|b h
|c 2019/9/18
|d c
|e nbehmer
|f 12:57:39 pm
|
| 999 |
f |
f |
|s 587ef0f6-f3cc-3821-9f0b-a2e549c3a19c
|i e9803759-f18b-3a5a-8710-f87f341dc0eb
|t 0
|
| 952 |
f |
f |
|p noncirc
|a Texas A&M University
|b College Station
|c Cushing Memorial Library & Archives
|d Cushing: Dykes (Does not check out)
|t 0
|e F801 .H65 1965
|h Library of Congress classification
|i unmediated -- volume
|m A14851732496
|
| 952 |
f |
f |
|p noncirc
|a Texas A&M University
|b College Station
|c Cushing Memorial Library & Archives
|d Cushing: Dykes (Does not check out)
|t 0
|e F801 .H65 1965
|h Library of Congress classification
|i unmediated -- volume
|m A14851732488
|
| 952 |
f |
f |
|p noncirc
|a Texas A&M University
|b College Station
|c Cushing Memorial Library & Archives
|d Cushing: Lowman (Does not check out)
|t 0
|e F801 .H65 1965
|h Library of Congress classification
|i unmediated -- volume
|
| 998 |
f |
f |
|a F801 .H65 1965
|t 0
|l Cushing: Lowman (Does not check out)
|
| 998 |
f |
f |
|a F801 .H65 1965
|t 0
|l Cushing: Dykes (Does not check out)
|
| 998 |
f |
f |
|a F801 .H65 1965
|t 0
|l Cushing: Dykes (Does not check out)
|